Aroma - Brytiago, Beéle, Lenny Tavárez - Estadísticas

Estadísticas generales
  • Esta prueba ha sido intentada 228 veces
  • La puntuación promedio es 156 de 383
Estadísticas de respuestas
Letra % Correcto
a
100%
100%
100%
tu
100%
como
67%
Como
67%
De
67%
de
67%
el
67%
en
67%
es
67%
eso
67%
Eso
67%
Estas
67%
lo
67%
Lo
67%
me
67%
Me
67%
mi
67%
no
67%
nos
67%
pa'
67%
que
67%
si
67%
Te
67%
te
67%
un
67%
una
67%
Ven
67%
ver
67%
y
67%
Y
67%
aauu
33%
acá
33%
arrebatau'
33%
au
33%
bailas
33%
bellaquita,
33%
Bien
33%
bien
33%
comernos
33%
creepy
33%
Cuando
33%
cuando
33%
Dame
33%
echaste
33%
eres
33%
Estamos
33%
estés
33%
Hasta
33%
la
33%
lau'
33%
Le
33%
los
33%
mira
33%
mirada
33%
mirando
33%
mother
33%
olerlo
33%
pa'l
33%
panty
33%
pasamos
33%
ponerlo
33%
puedo
33%
pusiste
33%
quicky
33%
quieres
33%
quiero
33%
quiky
33%
se
33%
sipi
33%
sola
33%
ti
33%
To'
33%
to'
33%
um
33%
um,
33%
unas
33%
vamos
33%
verlo
33%
volando
33%
wiskey
33%
aceitau'
0%
apocalipsis
0%
aquí
0%
así
0%
aunque
0%
bajo
0%
bici
0%
busca,
0%
cabrón
0%
Carlos
0%
chingando
0%
códigos
0%
Comerte
0%
cometer
0%
Con
0%
crisis
0%
cuerpo
0%
dedos
0%
difícil
0%
easy
0%
entera,
0%
entra
0%
entran
0%
envolver
0%
erizo
0%
error
0%
Ese
0%
Friki
0%
friki
0%
frikitona
0%
guapa
0%
gustas
0%
haga
0%
llegue
0%
mangau'
0%
matas
0%
meto
0%
mojaita
0%
monto
0%
nota
0%
persiau'
0%
pici'
0%
piel
0%
piquete
0%
podemos
0%
presión
0%
quiera'
0%
saque
0%
sensación
0%
son
0%
su
0%
sube
0%
tanto
0%
televisión,
0%
tensión
0%
Termino
0%
tiene
0%
Tiene
0%
tienes
0%
títere
0%
toda
0%
trillis
0%
vives
0%
volver
0%
zambullo
0%
No se encontraron pruebas coincidentes
Distribución de puntuación
Porcentaje de gente con cada puntuación
Porcentaje por número respondido
Historial de tus puntuaciones
No has intentado esta prueba.